Statistiques concernant La Guerre des Clans - Chats les plus cités du premier cycle

Cliquez ici pour prendre le quiz!

Statistiques générales

  • Ce quiz a été pris 43 fois
  • Le résultat moyen est 11 sur 20

Statistiques - réponses

ClassementRéponseNombre d'occurrences% Correct
1erÉtoile de Feu3603
97%
4èmePlume Grise1139
89%
2èmeÉtoile Bleue1193
86%
3èmeÉtoile du Tigre1183
81%
6èmeTempête de Sable497
75%
11èmeNuage de Jais309
69%
13èmePelage de Poussière203
61%
8èmeCroc Jaune441
58%
9èmeTornade Blanche363
58%
10èmeÉclair Noir348
53%
16èmeÉtoile Filante181
50%
15èmeLongue Plume197
47%
6èmeMuseau Cendré497
47%
20èmeRivière d'Argent170
44%
14èmeÉtoile Brisée199
42%
5èmeFlocon de Neige501
42%
17èmePatte de Brume180
42%
18èmeÉtoile du Léopard178
31%
19èmeCœur Blanc175
28%
12èmePoil de Fougère214
25%

Distribution des résultats

Percentile par nombre de réponses

% des personnes avec chaque résultat

Votre développement - résultats

Vous n’avez pas pris ce quiz